The miracles of medicine in Balzac: (notice n° 1817006)

détails MARC
000 -LEADER
fixed length control field 00960cam a2200157 4500500
005 - DATE AND TIME OF LATEST TRANSACTION
control field 20260329002639.0
041 ## - LANGUAGE CODE
Language code of text/sound track or separate title fre
042 ## - AUTHENTICATION CODE
Authentication code dc
100 10 - MAIN ENTRY--PERSONAL NAME
Personal name Baron, Anne-Marie
Relator term author
245 00 - TITLE STATEMENT
Title The miracles of medicine in Balzac:
260 ## - PUBLICATION, DISTRIBUTION, ETC.
Date of publication, distribution, etc. 2025.<br/>
500 ## - GENERAL NOTE
General note 65
520 ## - SUMMARY, ETC.
Summary, etc. Just as the medical metaphor is always associated with Jesus, the Christ metaphor is associated with Balzac’s doctors, such as Bianchon, Benassis, and Desplein. Their miracles, whose theatrical dimension is emphasized by Balzac, are para-psychic performances, seemingly magical, but influenced by magnetism, hypnosis, or the simple charisma of doctors like Halpersohn. Balzac analyzes them with an intuition that makes him the precursor of psychopathology or psychoanalysis.
786 0# - DATA SOURCE ENTRY
Note L’Année balzacienne | 26 | 1 | 2025-11-13 | p. 241-256 | 0084-6473
856 41 - ELECTRONIC LOCATION AND ACCESS
Uniform Resource Identifier <a href="https://shs.cairn.info/journal-lannee-balzacienne-2025-1-page-241?lang=en&redirect-ssocas=7080">https://shs.cairn.info/journal-lannee-balzacienne-2025-1-page-241?lang=en&redirect-ssocas=7080</a>

Pas d'exemplaire disponible.

PLUDOC

PLUDOC est la plateforme unique et centralisée de gestion des bibliothèques physiques et numériques de Guinée administré par le CEDUST. Elle est la plus grande base de données de ressources documentaires pour les Étudiants, Enseignants chercheurs et Chercheurs de Guinée.

Adresse

627 919 101/664 919 101

25 boulevard du commerce
Kaloum, Conakry, Guinée

Réseaux sociaux

Powered by Netsen Group @ 2025